000 00218 a2200097 4500
001 37369
100 _aRaj Hans
245 _aComparative Politics
260 _aNew Delhi
_bSurjeet Publishers
_c
090 _c23840
_d23840
942 _aNUST-CAE
_cM
_c15381
999 _c272442
_d272442